000 00629nam a2200265Ia 4500
005 20260121172726.0
008 008 260114s9999 xx 000 0 eng d
020 _a9783030781392
037 _aEBOOK
040 _aCRL
040 _beng
040 _cCRL
041 _2eng
041 _aeng
084 _qCRL
100 _aYann Mambrini
_91091971
245 0 _aParticles in the Dark Universe
260 _bSpringer
260 _bSpringer
260 _c2021
856 _uhttps://link.springer.com/openurl?genre=book&isbn=978-3-030-78139-2
942 _cEBOOK
999 _c1657711
_d1657711